000 00578nam a22002057a 4500
999 _c9653
_d9653
003 AR-CdUCM
008 190328b ||||| |||| 00| 0 spa d
040 _aMUNICIPALIDAD PROVINCIAL DEL CUSCO
_cBIBLIOTECA MUNICIPAL DEL CUSCO
082 _25ed.
_a848.9 /
_bM29P
100 _aMauclair, Camille
_926002
245 _aLa Posesion /
260 _bEdiciones Zig - Zag
300 _a145 paginas ;
_c18 cm.
500 _aBiblioteca de novelistas Novelas
650 _aNovela
_95
650 _aLiteratura
_983
650 _aHistoria
_9136
942 _2ddc
_cLIBROS
945 _apjha